[Event "Budapest Hunguest Hotels"]
[Site "Budapest"]
[Date "2003.04.17"]
[Round "6"]
[White "Leko, Peter"]
[Black "Almasi, Zoltan"]
[Result "1/2-1/2"]
[WhiteElo "2746"]
[BlackElo "2676"]
[Annotator "Psakhis,L"]
[PlyCount "104"]
[EventDate "2003.04.11"]
[Source "ChessBase"]
[SourceDate "2003.07.25"]

1. e4 e6 2. d4 d5 3. Nc3 Bb4 4. e5 Ne7 5. a3 Bxc3+ 6. bxc3 c5 7. Qg4 O-O 8. Bd3
Nbc6 9. Qh5 Ng6 10. Nf3 Qc7 11. Be3 c4 12. Bxg6 fxg6 13. Qg4 Qf7 14. Ng5 Qe8
15. h4 h6 16. Nh3 16... b5 {Increibly popular variation in modern practice.}
17. Qe2 $1 ({In the case of} 17. h5 $5 17... gxh5 18. Qe2 Bd7 19. Nf4 {
Black sacrifice exchange -} 19... Rxf4 $1 20. Bxf4 Qf7 21. Be3 Be8 22. g4 hxg4
23. Qxg4 23... Qg6 $13 {
-  L'Ami,E-Dgebuadze,A/Dieren op 2002 (49) with good game}) 17... a5 18. g4
18... Bd7 {Preparing counter-play on the queen side.} 19. h5 gxh5 20. Rg1 $146
({I have strong feeling that Leko could get strong attack after} 20. g5 $5
20... hxg5 21. Nxg5 g6 22. Rg1 $1 $40 {with numerous threats.} (22. Kd2 b4 23.
Rag1 bxc3+ 24. Kd1 24... Rf5 $132 {
0-1 Van den Doel,E-Psakhis,L/Bled ol 2002/CBM 92/[Psakhis] (33)})) 20... Ne7 (
20... h4 21. g5 $40) 21. gxh5 ({Worth considering} 21. g5 $5 21... hxg5 (21...
g6 $5 22. gxh6 Kh7 23. Ng5+ Kh8) 22. Bxg5 Nf5 23. Nf4 $44) 21... Kh7 22. Qg4
22... Nf5 {Black has good chances for successful defense, thanks to strong
position of his knight.} 23. Kd2 (23. Nf4 $5) 23... Qe7 24. Qg6+ (24. Nf4 Be8)
24... Kh8 $1 ({Stronger than} 24... Kg8 25. Bxh6 Be8 26. Qg5 Qxg5+ 27. Bxg5
Bxh5 28. Nf4 $36 {with unpleasant pressure.}) 25. Nf4 Nh4 (25... Kg8 $5 26. Qg4
Be8) 26. Qg4 26... Rxf4 $1 {
Black sacrificed exchange in every second game in this line.} 27. Bxf4 Rf8 28.
Rh1 28... Nf5 {It is very difficult for White to make any progress.} 29. Be3 (
29. Kc1 b4 (29... a4 $5)) 29... Be8 30. f4 Bf7 31. Bf2 Rb8 32. Qh3 32... Kh7
$11 33. Ra2 Be8 34. Rb1 Rb7 35. Qf3 ({Or} 35. a4 35... bxa4) 35... Qf8 36. Raa1
Bf7 37. Rb2 (37. a4 b4) 37... Be8 ({Another promising possibility was} 37...
Qe8 $5) 38. Rbb1 Rf7 39. Be3 Qe7 40. Bf2 Qf8 41. Be3 41... Kg8 {
Good question: who is pretending for advantage?} 42. Qg4 Rb7 43. Bf2 Bf7 44.
Rb2 Kh8 45. Qh3 Kh7 46. Qf3 Qe8 47. Rh1 Qe7 48. Ra1 b4 (48... Qe8 $11) 49. axb4
axb4 50. cxb4 Rxb4 51. Rxb4 Qxb4+ 52. Qc3 52... Qe7 $44 1/2-1/2

[Event "Capablanca Memorial Elite 38th"]
[Site "Havana"]
[Date "2003.05.18"]
[Round "11"]
[White "Dominguez Perez, Leinier"]
[Black "Arencibia Rodriguez, Walter"]
[Result "0-1"]
[WhiteElo "2603"]
[BlackElo "2520"]
[Annotator "Psakhis,L"]
[PlyCount "72"]
[EventDate "2003.05.06"]
[Source "ChessBase"]
[SourceDate "2003.09.25"]

1. e4 e6 2. d4 d5 3. Nc3 Bb4 4. e5 c5 5. a3 Bxc3+ 6. bxc3 Ne7 7. Qg4 O-O 8. Bd3
f5 9. exf6 Rxf6 10. Qh5 h6 11. g4 11... Nbc6 (11... c4 12. g5 g6 13. Qd1 Rf7
14. Bxg6 Nxg6 15. Qh5 Nf8 16. Nh3 e5 17. gxh6 17... Qf6 $132 {
Spiriev,P-Kishnev,S/Budapest 1992}) 12. Ne2 $5 $146 {White employed a
different plan in the game  David,A-Kindermann,S/Frankfurt op 1998} (12. g5 g6
13. Qxh6 (13. Qh3 Rf7 14. Qg3 h5 15. Nf3 Qa5 16. Bd2 c4 17. Be2 Nf5 18. Qg2 Bd7
19. O-O Raf8 20. a4 20... Nd6 $36 {0-1 Haist,W-Jurek,J/Baden op 1998 (41)})
13... Rf7 14. Bxg6 Rg7 15. Bd3 15... e5 $1 16. dxe5 Nxe5 17. Qh4 (17. Be2 N7g6
18. f4 Rh7 19. fxe5 Rxh6 20. gxh6 Qh4+ 21. Kd1 Qe4 22. h7+ Kh8 23. Nf3 23...
Bg4 {0-1 Lugo,B-Alonso,R/Cardenas 1990 (23)}) 17... Nf5 18. Qf4 Qe8 19. Be2 Ng6
20. Qf3 20... Qe5 $132 {with big complications.}) 12... Qf8 {
This move requires courage and accurate calculation.} (12... c4 $5 13. g5 Rf8
14. gxh6 cxd3 15. hxg7 (15. Rg1 Rf5 16. Rxg7+ Kh8 17. Qg4 17... Qf8 $17) 15...
Rf5 16. Qh8+ Kf7 17. cxd3 Bd7) 13. g5 13... g6 14. gxf6 $6 {
Entering complications which favor mostly Black} (14. Qh4 $5 14... Rf7 15. Nf4
e5 16. Nxg6 Nxg6 17. Bxg6 17... Rg7 $132 {should have been preferred}) 14...
gxh5 15. fxe7 Nxe7 16. Rg1+ Kf7 17. Nf4 17... e5 (17... Ke8 $5 18. Be2 (18. Ng6
Nxg6 19. Rxg6 Qf3) 18... Qf5 $15) 18. dxe5 18... Qh8 $5 19. Ng6 $8 19... Nxg6
20. Bxg6+ Ke7 21. f4 (21. Bf4 21... Bg4) 21... Bg4 22. Be3 b6 23. Kd2 (23. Bd3)
23... Rg8 (23... Qc8 $5) 24. Bd3 24... Ke6 $5 ({
Another promising possibility was} 24... c4 $5 25. Bf1 25... Bf5) 25. a4 $5
25... Bf5 26. a5 Rxg1 27. Rxg1 27... Qh7 $1 28. Be2 $6 {
It is likely that this move makes life even harder for White.} ({Stronger was} 
28. axb6 $142 28... axb6 (28... Bxd3 29. bxa7 (29. cxd3 29... c4 $5 30. dxc4
dxc4 31. Bd4 Qd3+ 32. Ke1 32... axb6 $17) 29... Qxa7 30. Kxd3 (30. cxd3 d4 31.
cxd4 cxd4 32. Rg6+ Kf7 33. Rf6+ Ke7 34. Bf2 Qa2+ 35. Ke1 Qb1+ 36. Kd2 Qb2+ 37.
Ke1 Qc3+ 38. Ke2 Qc2+ 39. Ke1 39... Qxd3 $19) 30... Qh7+ 31. Kd2 31... Qe4 $15)
29. Rb1 29... Qa7 $15 {
and the assessment of the position is not completely clear}) 28... Bxc2 29.
axb6 axb6 30. Ra1 30... Bb1 $1 $19 {
Black has both positional and material advantage, so the rest is pretty clear.}
31. Ke1 Qe4 32. Kf2 d4 33. cxd4 (33. Bd2 dxc3) 33... cxd4 34. Bc4+ Kf5 35. Bc1
(35. Bd2 d3 36. Rxb1 Qe2+ 37. Kg1 37... Qxd2 $19) 35... Qc2+ 36. Kf3 Qxc4 0-1

[Event "EU-ch 4th"]
[Site "Istanbul"]
[Date "2003.05.30"]
[Round "1"]
[White "Gashimov, Vugar"]
[Black "Bartel, Mateusz"]
[Result "1-0"]
[WhiteElo "2579"]
[BlackElo "2443"]
[Annotator "Psakhis,L"]
[PlyCount "75"]
[EventDate "2003.05.30"]
[Source "ChessBase"]
[SourceDate "2003.09.25"]

1. e4 e6 2. d4 d5 3. Nc3 Bb4 4. e5 c5 5. a3 Bxc3+ 6. bxc3 Qa5 7. Bd2 Ne7 (7...
Qa4 $5) 8. Qg4 Kf8 9. a4 $1 9... Nbc6 (9... Qc7 10. Bd3 b6 11. Nf3 h6 12. h4
Ba6 13. O-O Bxd3 14. cxd3 Nbc6 15. h5 15... Na5 $13 {
-  Czakon,J-Szoen,D/POL t-ch2J Krynica 2001 (20)}) 10. h4 ({
White employed a different plan in the game Short,N-Nikolic,P/London PCA 1994} 
10. Nf3 $5 10... Qb6 11. dxc5 $5 11... Qxc5 12. Bd3 h6 13. O-O Qb6 14. Rfe1 Bd7
15. c4 Qc7 16. cxd5 exd5 17. Qf4 $16) 10... Qb6 11. Nf3 (11. dxc5 11... Qb2)
11... cxd4 (11... Qb2 $5 $142 12. Rc1 12... c4 13. Qh5 $140 13... Qa3 14. Ng5
Nd8 15. Rh3 h6 16. Nf3 16... Qxa4 $132) 12. cxd4 12... Qb2 13. Rc1 Nb4 14. Bd3
$5 14... Na2 ({I think that Black rightly avoided the line} 14... Qa3 15. O-O
Nxd3 16. cxd3 Qxa4 (16... Nc6 17. Qg5 $5 17... Bd7 18. Qe3 18... Qxa4 $2 $140
19. Ra1 Qc2 20. Rfc1 Qb2 21. Rcb1 Qc2 22. Ne1 $18) 17. Rc7 $1) 15. Rd1 Nc3 16.
Bxc3 Qxc3+ 17. Kf1 (17. Ke2 $5) 17... Bd7 18. Rh3 h6 (18... Bxa4 19. Ng5 $1
19... Bxc2 $2 $140 20. Qf4 $18) 19. Rg3 Rg8 (19... g6 20. h5 $1 20... g5 (20...
Rg8 21. hxg6 $40) 21. Nxg5 hxg5 22. Qxg5 Ke8 (22... Rg8 23. Qh6+ Ke8 24. Rxg8+
Nxg8 25. Qg7 Ne7 26. Qh8+ $18)) 20. Qf4 ({Another promising possibility was} 
20. Nd2 $5 20... Qc7 21. Ra1 $14 (21. Bh7 21... Nf5 $1)) 20... Nf5 $6 ({
It is not easy to assess positions arising after} 20... Bxa4 $5 $132 $142) 21.
Bxf5 21... exf5 22. e6 $5 {Entering complications which favor white} 22... Bxe6
23. Qd6+ Ke8 24. Ne5 (24. Re1 $5 24... Qc4+ 25. Kg1 Qc6 26. Qxc6+ bxc6 27. Ne5
$1) 24... Qxc2 25. Re1 Rd8 26. Qb4 (26. Qa3 $5 26... Qc7 27. Rc3 Qe7 28. Qxe7+
Kxe7 29. Rc7+ Kf6 30. Rxb7 30... Ra8 $11) 26... Qc7 27. Rb3 (27. Rc3 Qe7) 27...
f6 (27... Rb8 $5 28. a5 $44) 28. Ng6 (28. Nd3 $5 28... Kf7 29. Qxb7 Rd7 (29...
Qxb7 30. Rxb7+ Rd7 31. Reb1 $36) 30. Qa6 $36) 28... Kf7 29. h5 29... Rd7 30.
Kg1 $44 30... f4 31. Rbb1 ({The following does not give anything to White} 31.
Rc3 31... Qb8 32. Rf3 Re8 33. Nxf4 33... Bf5 $15) 31... Rc8 32. Qd2 Qc2 ({
Perhaps Black should have considered} 32... Qd6 $5 33. Nxf4 $140 33... Bf5 34.
Rb5 Be4 35. f3 a6 36. Ra5 Rc2 37. Qe3 37... Re7 $1 $132) 33. Qxf4 $5 {
Gashimov could force a peaceful end by playing} (33. Nh8+ Kg8 34. Rec1 Qxd2 35.
Rxc8+ Kh7 36. Ng6 Bg8 37. Nf8+ Kh8 38. Ng6+ $11 {but he decided to continue
game. And I also think that although the position is more or less balanced,
White seems to have the easier play.}) 33... Qf5 34. Qe3 Qe4 (34... Re8) 35.
Qa3 35... Qxd4 $2 {Black finally cracks under pressure!} ({
He should have preferred} 35... Qg4 $1 $13) 36. Rxe6 $1 36... Kxe6 37. Re1+ Kf7
(37... Kf5 38. Qh3+ Kg5 39. Qxd7) 38. Qh3 1-0

[Event "Leon 16th"]
[Site "Leon"]
[Date "2003.06.08"]
[Round "2.3"]
[White "Topalov, Veselin"]
[Black "Ponomariov, Ruslan"]
[Result "0-1"]
[WhiteElo "2735"]
[BlackElo "2718"]
[Annotator "Psakhis,L"]
[PlyCount "115"]
[EventDate "2003.06.06"]
[Source "ChessBase"]
[SourceDate "2003.09.25"]

1. e4 {Hecht} 1... e6 2. d4 d5 3. Nc3 Bb4 4. e5 c5 5. a3 Bxc3+ 6. bxc3 Ne7 7.
Qg4 Qa5 8. Bd2 O-O 9. Bd3 Nbc6 10. Nf3 f5 11. exf6 Rxf6 12. Qh5 12... Nf5 13.
Ne5 $5 $146 (13. O-O {White failed to get any advantage after} 13... c4 14.
Bxf5 (14. Be2 Nd6 15. Qg5 Ne4 16. Qe3 Ne7 17. Bd1 Qb6 18. Bc1 Ng6 19. Ng5 Nxg5
20. Qxg5 Bd7 21. Qg3 Ne7 22. Qe5 22... Ng6 {
-  Bucher,D-Romon Poves,R/EU-ch B20 Aviles 2000/ (22)}) 14... Rxf5 15. Qg4 Bd7
16. Qg3 Raf8 17. Bh6 R8f7 18. Nh4 Rh5 19. Bf4 Rxh4 20. Qxh4 Qxc3 21. Be3 Qxc2
22. a4 b6 23. Qg3 Qe4 24. Rad1 h6 25. Rfe1 Qh7 26. Bf4 Kh8 27. Be5 27... Qc2 {
Sibarevic-Sevo/YUG t-ch2 2000/0-1 (38)}) ({or} 13. dxc5 13... Qxc5 (13... e5 $6
14. Nxe5 $1 14... Qxc5 15. O-O Nxe5 16. Qe8+ Rf8 17. Qxe5 $16) 14. g4 Nh6 15.
g5 g6 16. Qh3 e5 17. Qg2 17... Rxf3 $5 (17... Rd6 $5) 18. Qxf3 e4 19. Qe3 Qxe3+
20. Bxe3 exd3 21. gxh6 dxc2 22. Kd2 22... Bf5 $15 {
1-0 Korneev,O-Rodriguez Gerrero,E/Sevilla op 2002 (34)}) (13. c4 $5) (13. g4 $5
13... c4 $132) 13... c4 ({Worth considering} 13... Nxe5 14. dxe5 Rf7 (14... Rf8
15. g4 c4 (15... g6) 16. gxf5 cxd3 17. f6 $18) 15. c4 (15. g4 g6 16. Qg5 Ne7
17. h4 $5 17... c4 18. Be2 18... Qa4 $132) (15. O-O $5) 15... Qc7 16. f4 16...
d4 $13) (13... Qa4 $5) 14. Bxf5 Rxf5 ({Weaker was} 14... exf5 $6 {after} 15.
Nxc6 bxc6 (15... Rxc6 $4 16. Qe8#) 16. Qe8+ Rf8 17. Qxc6 Rb8 18. O-O {
white's advantage is obvious}) 15. Qe8+ Rf8 16. Nxc6 bxc6 17. Qxc6 {
'las blancas han ganado un peon'} 17... Rb8 {'pero las negras parecen tener
compensacion   ?sera suficiente?  Fritz considera que el blanco esta un poco
mejor.  '} 18. O-O {Thanks to the new interesting opening idea White has won a
pawn. Of course Black has some compensation, but is is clear that he can fight
just for draw.} 18... Rb2 {'a pesar de haberse enfrentado a una novedad
Ponomariov tiene mas tiempo que su rival casi 18 mn. contra 13'} 19. Bf4 $5 {
'el blanco devuelve el peon para tomar la iniciativa por las casillas negras
con Bd6 o e5 en caso de ataque al rey los alfiles de distinto color son un
arma terrible.'} ({I am quite sure, that moves like} 19. Rfc1 {
Topalov even didn't start to consider.}) 19... Qxc3 {
Only move, otherwise Black lose without struggle, for example:} ({No es posible
} 19... Rxc2 $4 {por} 20. Bd6 $18 {or}) (19... Rxf4 $2 20. Qxc8+ Rf8 21. Qxe6+)
20. Bd6 20... Rb6 {'esta intermedia es la clave del juego negro'} ({
Black could try also} 20... Rd8 {with possible continuation} 21. Qc7 Re8 22.
Be5 Rb7 23. Qc6 23... Rf8 {just with small advantage of white}) 21. Qc7 Rb7 (
21... Rxd6 $143 22. Qxd6 Qxc2 23. Rab1 $16) 22. Qc5 Re8 23. Qc6 {
'Topalov tiene 8 minutos; Ponomariov 14'} 23... Rd8 24. Rab1 $5 {Topalov would
like to exploite more active positions of his pieces, especially clear
difference in bishops activity, and he is ready to sacrifice pawn for exchange
rook b7 - main defender of Black king.} 24... Rxb1 25. Rxb1 Qxc2 26. Rf1 {
'Fritz que es un gran comedor de peones considera la posicion igualada, lo que
hace pensar que la actividad del blanco es lo bastante fuerte para, por lo
menos, compensar el peonsacrificado'} 26... Qg6 {Black is a pawn up but his
bishop c8 is so weak, that, I think, any case he can just dream about
equalization of chances.} 27. Qc7 Qe8 (27... Re8 28. Qxa7 $16) 28. Be5 Qd7 29.
Qc5 Qb7 30. h3 {White don't need to be in hurry/} 30... Re8 ({
Unfortunately, Black bishop still can't move -} 30... Bd7 $4 31. Qe7 $18) 31.
Re1 {'la torre estaria estupendamente colocada en la tercera fila'} 31... Bd7
32. Qa5 $1 {Avoiding simple trap} ({Tras} 32. Re3 $2 32... Qb6 $15 {
y las negras fuerzan el cambio de damas}) 32... Rc8 33. Re3 Be8 34. Rg3 34...
Bg6 {Too dangerous was to play} (34... g6) 35. h4 {Simple and strong move}
35... Qb6 {'segun Illescas "una cagada"'} (35... h5 $5 36. Rxg6 $2 $140 36...
Qb1+ $19) 36. Qa4 $1 {' 
amenaza entrar en d7'} ({
Obviously White has to keep the queens on the board} 36. Qxb6 $2 36... axb6 37.
h5 Bf5 38. Rxg7+ 38... Kf8 $15 {y el peon c es muy fuerte}) 36... Qb7 ({
o bien la mas sutil pero no necesariamente mejor} 36... Qb1+ $5 37. Kh2 Qb7 38.
h5 38... Be8 $1 39. Qb4 $142 39... Qxb4 40. Rxg7+ Kf8 41. axb4 41... Bxh5 $1
42. Rxh7 42... Bf7 $15) 37. h5 Be8 (37... c3 $5 38. hxg6 c2 39. Bf4 c1=Q+ 40.
Bxc1 Rxc1+ 41. Kh2 41... Rc6 $13) 38. Qd1 {White protect important h5 pawn} ({
But he could play} 38. Qc2 38... Bxh5 39. Rxg7+ Qxg7 40. Bxg7 40... Kxg7 {
y el peon c debe dar contrajuego para tablas.} 41. Qb2 $1 {with some chances.})
38... g6 {'Topalov tiene poco mas de un minuto'} 39. Qg4 Qb1+ (39... Qe7 40.
Qf4 $5) 40. Kh2 Qf5 41. Qh4 41... c3 $5 {Passed pawn has to go forward!} 42.
Rg5 (42. Qe7 Qf7 43. Qh4 43... Qf5 $11) 42... Qe4 $4 {Terrible mistake!} ({
Good or bad, Ponomariov had to play} 42... Qf8 {
and White has just draw, for example:} 43. hxg6 43... Bxg6 {
y no se ve remate para las blancas} 44. Rxg6+ hxg6 45. Qh8+ Kf7 46. Qf6+ Ke8
47. Qxe6+ Kd8 48. Qxd5+ Ke8 49. Qe6+ 49... Kd8 $11) (42... Qf7 $4 43. hxg6 hxg6
44. Qh8#) { } 43. Rg4 $4 {Missing ( first but not lat time! ) easy victory} ({
Gana} 43. Rxg6+ 43... Bxg6 (43... hxg6 44. Qf6 $18) 44. Qf6 Qxe5+ 45. dxe5 $18
{wins immediately}) 43... Qf5 44. Rg5 44... Qe4 $4 45. Qh3 $4 ({
de nuevo deja pasar} 45. Rxg6+) 45... Rc6 46. hxg6 Bxg6 47. Qh6 Kf7 48. f3 (48.
Qg7+ $5 48... Ke8 49. Qb7 Qh4+ ({After} 49... Rc4 $2 {white wins immediately}
50. Qb8+ Kd7 51. Qd6+ Kc8 52. Qxe6+ Kb7 53. a4 $1 53... a5 (53... c2 54. Qd7+
Ka8 55. Qd8+ Kb7 56. Qb8+ Ka6 57. Qb5#) 54. Qd7+ Ka8 55. Qb5 $18) 50. Kg1 Qxg5
51. Qxc6+ Kf7 52. Qxc3 {with some advantage in ending}) 48... Qe1 {
I afraid that both players we in severe time trouble.} ({
Era imprescindible dejar defendido el alfil} 48... Qb1 $1 {
leads to force draw -} 49. Qg7+ Ke8 50. Bc7 $1 (50. Bf6 Qb8+ 51. Re5 51... Qc7
$17) 50... Rxc7 (50... c2 51. Qg8+ Ke7 52. Qd8+ Kf7 53. Qd7+ Kf8 54. Bd6+ Rxd6
55. Qxd6+ 55... Kf7 $11) 51. Qxc7 c2 52. Qc8+ $11) 49. Rxg6 $1 {Finally removin
g the only defender standing between White's attacking pieces and Black's king
'por fin, con segundos en el reloj Topalov encuentra  el remate'} 49... Qxe5+
$8 ({Contra} 49... hxg6 {Fritz anuncia mate} 50. Qg7+ Ke8 51. Bf6 {
with mate in few moves.}) 50. dxe5 hxg6 51. Qh7+ Kf8 (51... Ke8 {Hecht} 52.
Qxg6+ Kd7 53. Qc2 Kc7 54. Kg3 $1 54... d4 55. Kf2 d3 56. Qc1 $1 56... d2 57.
Qc2 Rc5 58. f4 Rd5 59. Ke2 Rc5 60. g4 Kd8 61. Kd1 Rc7 62. Qd3+ Ke8 63. f5 exf5
64. gxf5 $18) 52. Qd7 52... Rc4 {' '} 53. Qd8+ $2 {Difficult to believe, but
this natural move is mistake.Topalov could win by force atter   Hecht: 'D.
Barlov schreibt in der ROCHADE8: "Es ist unglaublich, was Topalov hier in
Zeitnot macht! Ganz einfach und schnell gewinnt 53.Dxe6 .....". Da der Bulgare
aber nur wenige Zuege spaeter auf Zeit verliert, hat er hier angesichts
horrender Zeitnot  den Versuch unternommen, mittels Dauerschach wenigstens
einen halben Punkt zu retten. Die wenig komplizierte Gewinnfuehrung in der
Variante haette Topalov zeitlich ohnehin nicht ueberlebt. Das ist meine
Meinung aus der Ferne. '} ({Hecht: Es gewinnt} 53. Qxe6 $1 53... c2 54. Qf6+
Ke8 (54... Kg8 55. Qxg6+ Kh8 56. Qh6+ Kg8 57. Qc1 d4 58. Qg5+ {
Hecht: 'mit Turmgewinn; z.B.'} 58... Kh7 59. Qe7+ Kh8 60. Qf8+ Kh7 61. Qf7+ {
'+-' Hecht.  winning rook c4}) 55. e6 $1 55... Rc7 $8 56. e7 Rxe7 (56... c1=Q {
Hecht} 57. Qf8+ Kd7 58. e8=Q#) 57. Qxg6+ {'+-' Hecht.  y gana el peon de c2}
57... Kd7 58. Qxc2 $18) 53... Kg7 54. Qf6+ Kh7 55. Qf7+ Kh6 56. Qf8+ Kh7 57.
Qe7+ 57... Kh8 $11 58. Qf6+ $138 {And in this moment White lost on time. Sad
end of very interesting game.     Hecht: 'ZUe' 'Y Topalov pierde por tiempo
una partida que ha tenido ganada varias veces. un desenlace increible que
recuerda como Ponomariov gano el match contra Ivanchuk que le proclamo campeon
del mundo.'} 0-1

[Event "Biel GM"]
[Site "Biel"]
[Date "2003.07.22"]
[Round "2"]
[White "Lutz, Christopher"]
[Black "Pelletier, Yannick"]
[Result "1-0"]
[WhiteElo "2631"]
[BlackElo "2602"]
[Annotator "Psakhis,L"]
[PlyCount "137"]
[EventDate "2003.07.21"]
[Source "ChessBase"]
[SourceDate "2003.11.11"]

1. e4 e6 2. d4 d5 3. Nc3 Bb4 4. e5 Ne7 5. a3 Bxc3+ 6. bxc3 c5 7. Qg4 O-O 8. Bd3
f5 9. exf6 Rxf6 10. Bg5 Rf7 11. Qh5 g6 12. Qd1 Qa5 (12... Nbc6 13. Nf3 13...
Qf8 $5 {much more popular, than move in the game.}) 13. Bd2 Nbc6 14. Nf3 14...
Qc7 ({It is easy to recommend, knowing what happened in the game ,move

} 
14... c4 {but and in this case after} 15. Be2 Nf5 16. O-O Nd6 17. Re1 Bd7 (
17... Ne4 18. Bf1 Bd7 19. Rxe4 $1 19... dxe4 20. Ng5 $44) 18. Ng5 Re7 19. Bg4
Rae8 20. h4 $36 {1-0 Huebner,R-Hammes,M/GER-ch Altenkirchen 2001/CBM 87 (35)
White get better chances.}) 15. dxc5 $1 15... e5 16. Ng5 Rf8 17. c4 $1 {
A very annoying move in such a position!} 17... e4 (17... d4 18. O-O Bf5 19.
Re1 $16) 18. cxd5 exd3 19. d6 Qd7 20. dxe7 Qxe7+ 21. Be3 21... Bf5 $146 (21...
h6 22. Nf3 Kh7 23. h4 Bf5 24. cxd3 Rad8 25. O-O Bxd3 26. Re1 Be4 27. Bd2 Rfe8
28. Qb3 $16 {Gutsche,D-Terreaux,G/corr 2003/Telechess CBM 95/[Morgado]/1-0 (46)
}) 22. cxd3 Rad8 23. Qb3+ Kh8 24. Qc3+ Qg7 25. Qxg7+ Kxg7 26. Rb1 Rd7 27. O-O (
27. Ne4 Rxd3 (27... Ne5 28. Nd6) 28. Rxb7+ Rf7 29. Rxf7+ Kxf7 30. Nd6+ Ke6 31.
a4 Ra3) 27... Re8 (27... Bxd3 $2 28. Ne6+) 28. Ne4 (28. Rfd1 28... Ree7 $5 29.
Ne4 $140 29... Rxd3) 28... Bxe4 29. dxe4 Rxe4 30. Rfd1 Rxd1+ ({
Perhaps Black should have considered} 30... Rf7 $5 {keeping rooks on the board.
}) 31. Rxd1 {Everything become more or less clear:White keep big advantage in
endgame and black's chances for survival are very small.} 31... Kf6 32. h3 h5
33. Rd6+ Kf5 34. Rd7 Re7 35. Rd3 (35. Rxe7 Nxe7 36. f3 $6 36... h4) 35... Ne5
36. Rd4 Rd7 37. Rf4+ (37. Rxd7 Nxd7 38. c6 bxc6 39. Bxa7 39... c5 $1) 37... Ke6
38. Ra4 Nc6 39. Re4+ Kd5 40. Rf4 Ke6 41. f3 Rd3 42. Re4+ Kd5 43. a4 Rb3 (43...
Rc3 $142 44. Kf2 $140 44... Rc4 45. Rxc4 Kxc4) 44. Kf2 Rb4 45. Rxb4 Nxb4 46.
Kg3 46... Ke6 (46... Nd3 47. c6 $1) 47. Kh4 (47. Kf4 Nd5+) 47... Kf5 48. g4+
hxg4 49. fxg4+ Kf6 (49... Ke4 50. Bd2 Na6 51. Kg5 $18) 50. Bd4+ Kf7 51. Kg5 Nc6
52. Bc3 $18 52... Nd8 53. Kh6 Ne6 54. Bb4 Kf6 (54... a5 $5 55. Ba3 g5 56. Kh5
Kf6 57. Bb2+ Kf7 58. Bc3 Nxc5 59. Bxa5 Nxa4 60. Kxg5 $18) 55. h4 Kf7 56. a5 $5
56... a6 57. g5 Nd4 (57... Ng7 58. Be1) 58. Be1 $5 58... Nf5+ (58... Ne6 59.
Bf2 Ng7 60. Kh7) 59. Kh7 Ng7 60. Bg3 $22 60... Nf5 (60... Nh5 61. Be5) 61. h5
$1 61... gxh5 62. g6+ Ke6 (62... Kf6 63. Bh4+ Ke6 64. g7 Nxg7 65. Kxg7 Kd5 66.
Be7 Kc6 67. Kg6 Kb5 68. Bd8 h4 69. Bxh4 Kxa5 70. Kf5) 63. g7 Nxg7 64. Kxg7 Kd5
65. Bd6 {White's bishop had a splendid career in this game.} 65... Kc6 (65...
h4 66. Kf6 h3 67. Ke7 Kc6 (67... h2 68. Bxh2 Kxc5 69. Bg1+ Kb5 70. Bb6 $18) 68.
Kd8 h2 69. Bxh2 Kxc5 70. Bg1+ $18) 66. Kf6 Kd7 (66... Kb5 67. Ke7 Kxa5 68. Kd7)
67. Ke5 Kc6 68. Ke6 h4 69. Ke7 (69. Ke7 h3 70. Kd8) 1-0